000 00505nam a2200181Ia 4500
003 GCL
008 140319s9999 xx 000 0 ara d
040 _aGCL /
_cGCL
082 0 4 _a817.008
_bأ ن
100 1 _aاحمد رجب
245 1 0 _aنهارك سعيد /
_cاحمد رجب
260 _a[S.N] :
_bالوطن العربى للنشر و التوزيع ،
_c1985
300 _a38 ص
490 _a
650 0 4 _aالادب العربى
650 0 4 _aالقصص العربية
942 _2ddc
_cBK
999 _c36070
_d36070